00806nam a2200229 a 450000100060000000300080000600500170001400800390003103500310007004000320010104100080013308200220014110000400016324500720020326000320027530000330030750400390034065000290037994200120040899900170042095201390043718857BD-RJUL20211209000338.014022 s1967 enka b 001 0 eng a0080169287a(BD-RJUL)18915 aDLCcDLCdm.cdBD-RJULbeng aeng a301.364bJOU 19671 aJohnson, James Henry.d1930-95388510aUrban geography :ban introductory analysis /cby James H. Johnson. aOxford :bPergamon,cc1967. axv, 188 p. :bill. ;c23 cm. aIncludes bibliographies and index. 0aCities and towns.958154 2ddccBK c18857d18857 00102ddc40708NFICaRUCLbRUCLcStackd1968-08-23eZeitlingerg21.00l0o301.364 JOU 1967r2014-02-22 00:00:00tC-3w2014-02-22yBK